|
|
|
|
| LEADER |
00000nab a2200000 a 4500 |
| 001 |
vtls000492264 |
| 003 |
SK-MaSNL |
| 005 |
20260303005123.0 |
| 008 |
120927c1990 xo 0 cze |
| 015 |
|
|
|a SNBRA19rr/mm-uuuuu
|
| 035 |
|
|
|a CL0492402
|
| 040 |
|
|
|a SNKBUCL
|b slo
|c SNKBUCL
|e AACR2
|
| 041 |
0 |
|
|a cze
|
| 044 |
|
|
|a xo
|c SK
|
| 080 |
|
|
|a 677.494.674:53/54:629.11.012.55
|2 1981
|
| 080 |
|
|
|a 629.11.012.55
|2 1981
|
| 100 |
1 |
|
|a Pokluda, Ivo
|4 aut
|9 962720
|
| 245 |
1 |
0 |
|a Porovnání vlastností standardních a HMLS typů polyesterových kordů
|c Ivo Pokluda, Marie Klásková
|
| 300 |
|
|
|b Tab. 2
|
| 650 |
0 |
7 |
|a tkaniny polyesterové
|2 snkbucl
|9 984969
|
| 650 |
0 |
7 |
|a pneumatiky
|2 snkbucl
|9 15924
|
| 655 |
|
7 |
|a články zo zborníkov
|2 snkbucl
|9 166140
|
| 700 |
1 |
|
|a Klásková, Marie
|4 aut
|9 962721
|
| 773 |
0 |
|
|t Polyamidový hodváb
|d Košice : Dom techniky ZSVTS, 1990
|g S. 110-114
|z 8023200887
|
| 850 |
|
|
|a Slovenská národná knižnica v Martine
|a MTA001
|
| 852 |
|
|
|a SNK
|b KIS3GCP
|
| 958 |
|
|
|a RK
|
| 992 |
|
|
|a RZB
|
| 999 |
|
|
|c 1580921
|d 1582851
|